| 000 | 00979nam a2200241Ia 4500 | ||
|---|---|---|---|
| 003 | GCL | ||
| 005 | 20240530104226.0 | ||
| 008 | 140319s9999 xx 000 0 ara d | ||
| 040 |
_aGCL / _cGCL |
||
| 082 | 0 | 4 |
_a303.483 _bهـ ا |
| 100 | 1 | _aزين العابدين فؤاد | |
| 245 | 1 | 0 |
_aالاطفال والتكنولوجيا والثقافة : _bتأثير الوسائل التكنولوجية على الحياة اليومية للاطفال / _cزين العابدين فؤاد |
| 250 | _aالاولى | ||
| 260 |
_aالقاهرة : _bالمجلس الاعلى للثقافة ، _c2005 |
||
| 300 |
_a302 ص ؛ _c23 ص |
||
| 490 |
_aالمشروع القومى للترجمة _v71 |
||
| 650 | 0 | 4 | _aالوعى الاجتماعى |
| 650 | 0 | 4 | _aالثقافة والمجتمع |
| 650 | 0 | 4 | _aالاطفال - الحياة الثقافية |
| 700 | 1 | _aهاتشباى ، ايان | |
| 700 | 1 | _aدعاء محمد صلاح الدين الخطيب | |
| 942 |
_2ddc _cBK |
||
| 999 |
_c45625 _d45625 |
||